THE LEAN STARTUP (Record no. 1222308)

MARC details
000 -LEADER
fixed length control field 00343nam a2200145Ia 4500
008 - FIXED-LENGTH DATA ELEMENTS--GENERAL INFORMATION
fixed length control field 260601s2010 xx 000 0 und d
020 ## - INTERNATIONAL STANDARD BOOK NUMBER
International Standard Book Number 978-0-670-92160-7
041 ## - LANGUAGE CODE
Language code of text/sound track or separate title eng
082 ## - DEWEY DECIMAL CLASSIFICATION NUMBER
Classification number 658.11/RIE
100 ## - MAIN ENTRY--PERSONAL NAME
Personal name RIES ERIC
245 ## - TITLE STATEMENT
Title THE LEAN STARTUP
260 ## - PUBLICATION, DISTRIBUTION, ETC.
Place of publication, distribution, etc. UK
Name of publisher, distributor, etc. PENGUIN RANDOM HOUSE
Date of publication, distribution, etc. 2010
300 ## - PHYSICAL DESCRIPTION
Extent P.B,320
650 ## - SUBJECT ADDED ENTRY--TOPICAL TERM
Topical term or geographic name entry element MBA
Holdings
Withdrawn status Lost status Damaged status Not for loan Home library Current library Date acquired Source of acquisition Cost, normal purchase price Total Checkouts Full call number Barcode Date last seen Price effective from Koha item type
        Institute of Management, Kolhapur Institute of Management, Kolhapur 23/12/2025 BHARATI MADYHAVARTI SAHAKARI GRAHAK BHANDAR LTD.PUNE 999.00   658.11/RIE MCK-15637 02/06/2026 02/06/2026 Reference Books